00734naa#a2200169#i#4500001001600000005001700016011001400033100004100047102000700088200010100095210010900196215001000305608002700315675017800342700002100520856002300541EN\\bibl\12083820260429143855.3##a1994-5655##a20260428b2026####ek#y0engy0150####ca##aRU1#aExemption of nonnatives from military service in the Russian Empire (1874-1917)eJournal article1#aSyktyvkarcFSBI FIC "Komi Scientific Center of the Ural Branch of the Russian Academy of Sciences"d2026##a5 с.##aJournal article2local##aПризыв на военную службу всего контингента войск и вспомогательных сил. Военный потенциал. 355.2#1aStvolygingK. V.4#akomisc.editorum.ru